Statistiques concernant LEC Summer Split 2022

Cliquez ici pour prendre le quiz!

Statistiques générales

  • Ce quiz a été pris 115 fois
  • Le résultat moyen est 36 sur 50

Statistiques - réponses

HintRéponse% Correct
G2Targamas
100%
G2caPs
98%
G2BrokenBlade
94%
G2Jankos
93%
MSFVetheo
91%
G2Flakked
90%
FNCHumanoid
90%
FNCWunder
90%
MADNisqy
89%
VITPerkz
89%
FNCRazork
89%
MADElyoya
88%
FNCUpset
88%
MADArmut
87%
FNCHylissang
87%
BDSNuclearint
87%
MADKaiser
85%
BDSxMatty
85%
RGEOdoamne
84%
BDSCinkrof
83%
RGELarssen
83%
VITCarzzy
79%
RGEComp
79%
RGEMalrang
79%
RGETrymbi
79%
MSFNeon
77%
XLPatrik
74%
MADUnforgiven
74%
XLFinn
70%
VITLabrov
68%
ASTDajor
67%
SKJezu
66%
VITAlphari
65%
XLMarkoon
63%
XLMikyx
61%
SKSertuss
61%
MSFIrrelevant
60%
ASTKobbe
60%
MSFMersa
60%
BDSErdote
54%
MSFShlatan
54%
ASTXerxe
54%
XLNukeduck
52%
VITHaru
46%
ASTJeonghoon
46%
BDSAgresivoo
44%
SKGillius
43%
SKJenax
40%
SKTreatz
38%
ASTVizicsacsi
34%

Distribution des résultats

Percentile par nombre de réponses

% des personnes avec chaque résultat

Votre développement - résultats

Vous n’avez pas pris ce quiz